000
00403nam a22001577a 4500
003
MPLRDC
005
20220104124247.0
008
210129b ||||| |||| 00| 0 eng d
082
_a
870.99 SAN-2
100
_a
玛丽. 荷薇著; 晋先柏译
245
_a
爱的寻求: 乔治. 桑的一生
_c
260
_a
_b
中国文联出版公司
_c
300
_b
平
650
_a
942
_c
BK
_o
870.99 SAN-2
999
_c
17915
_d
17905